Instituciones políticas (Record no. 8644)

MARC details
000 -CABECERA
campo de control de longitud fija 01064nam a2200241 a 4500
001 - NÚMERO DE CONTROL
campo de control BRCA_8993
005 - FECHA Y HORA DE LA ÚLTIMA TRANSACCIÓN
campo de control 20190320210502.0
008 - DATOS DE LONGITUD FIJA--INFORMACIÓN GENERAL
campo de control de longitud fija 130717s1767----sp-#######---#000-0#spa-#
041 ## - CÓDIGO DE LENGUA
Código de lengua del texto/banda sonora o título independiente spa
044 ## - CÓDIGO DEL PAÍS DE LA ENTIDAD EDITORA/PRODUCTORA
Código MARC del país sp
084 ## - OTRO NÚMERO DE CLASIFICACIÓN
Número de clasificación LM13
Número de documento/Ítem .B54 1767
100 1# - ENTRADA PRINCIPAL--NOMBRE DE PERSONA
Nombre de persona Bielfeld, Jacob Friedrich
Títulos y otros términos asociados al nombre Barón de
9 (RLIN) 22318
245 10 - MENCIÓN DE TÍTULO
Título Instituciones políticas
Resto del título obra, en que se trata de la Sociedad Civil, de las Leyes, de la Policía, de la Real Hacienda, del Comercio, y Fuerzas de un Estado; y en general, de todo quanto pertenece al gobierno
Mención de responsabilidad, etc. escrita en idioma francés por el Baron de Bielfeld; y traducida al castellano por D. Domingo de la Torre y Mollinedo.
260 ## - PUBLICACIÓN, DISTRIBUCIÓN, ETC.
Lugar de publicación, distribución, etc. Madrid
Nombre del editor, distribuidor, etc. en la Imprenta de D. Gabriel Ramirez
Fecha de publicación, distribución, etc. 1767
300 ## - DESCRIPCIÓN FÍSICA
Extensión 355 p. (t.1)
Dimensiones 20.8 x 16 cm
500 ## - NOTA GENERAL
Nota general Con las licencias necesarias
500 ## - NOTA GENERAL
Nota general Estado físico: presenta encuadernación en pergamino con cintas rotas
650 14 - PUNTO DE ACCESO ADICIONAL DE MATERIA--TÉRMINO DE MATERIA
Término de materia o nombre geográfico como elemento de entrada Comercio
9 (RLIN) 9286
650 14 - PUNTO DE ACCESO ADICIONAL DE MATERIA--TÉRMINO DE MATERIA
Término de materia o nombre geográfico como elemento de entrada Politicas y gobierno
Subdivisión geográfica Europa
9 (RLIN) 22319
700 1# - PUNTO DE ACCESO ADICIONAL--NOMBRE DE PERSONA
Nombre de persona Torre y Mollinedo, Domingo de la
Término indicativo de función/relación tr.
9 (RLIN) 22320
902 ## - CATALOGADOR
Iniciales CFM
942 ## - ELEMENTOS DE PUNTO DE ACCESO ADICIONAL (KOHA)
Fuente del sistema de clasificación o colocación Library of Congress Classification
Tipo de ítem Koha Libros
Holdings
Estado de retiro Estado de pérdida Estado dañado No para préstamo Localización permanente Ubicación/localización actual Fecha de adquisición Total de préstamos Signatura topográfica completa Código de barras Fecha visto por última vez Precio válido a partir de Tipo de ítem Koha
El ejemplar forma parte de la colección y puede ser consultado según las políticas vigentes.       Biblioteca del Museo Franz Mayer (Rogerio Casas-Alatriste) Biblioteca del Museo Franz Mayer (Rogerio Casas-Alatriste) 13/07/2017   LM13 .B54 1767 CFM00276 22/03/2019 22/03/2019 Libros